Loading...

Blind willow sleeping woman /

Bibliographic Details
Main Author: Murakami, Haruki
Other Authors: Gabriel, Philip, Rubin, Jay
Format: Printed Book
Language:English
Published: London: Vintage Books, 2007.
Subjects:
LEADER 00592 a2200181 4500
008 150103s9999 000 0 eng
020 |a 9780099488668 
082 0 0 |a 895.635 
100 1 |a Murakami, Haruki. 
245 1 0 |a Blind willow sleeping woman / 
260 |a London:  |b Vintage Books,  |c 2007. 
300 |a 436 p. 
650 |a Japanese Fiction 
700 1 |a Gabriel, Philip. 
700 1 |a Rubin, Jay. 
942 |c BK 
999 |c 308020  |d 308020 
952 |0 0  |1 0  |2 ddc  |4 0  |6 895_635000000000000_MUR_BL  |7 0  |9 353515  |a DRA  |b DRA  |c ST1  |d 2016-06-15  |i 9495  |l 0  |o 895.635 MUR/BL  |p DRA9495  |r 2017-07-25  |v 550.00  |w 2016-06-15  |y BK